000 00654nam a2200289Ia 4500
005 20260324121138.0
008 008 260324s9999 xx 000 0 eng d
020 _a9780429255328
037 _aEBOOK
040 _aCRL
040 _beng
040 _cCRL
041 _2eng
041 _aeng
084 _qCRL
100 _aJohn D. Halamka
_91161364
245 0 _aGeek Doctor
245 0 _bLife as Healthcare CIO
260 _bTaylor and Francis
260 _c2014
365 _a
365 _b155
856 _uhttp://www.taylorfrancis.com/books/9780429255328
942 _cEBOOK
999 _c1753283
_d1753283